00638 2200241 4500001002100000005001500021035002000036007000300056008004100059020002200100082000800122084001400130100002400144245007600168250001000244260002800254300003100282650002900313700001900342520001300361990001100374990001100385INLIS00000000000456620191202015430 a0010-1219000018ta191202 g 0 ind  a978-602-6328-00-7 a658 a658 BRI b0 aBRILLIANT, Yotenega1 aBuilding a Meaning Startup /cBrilliant Yotenega; editor, Fachmy Casofa acet.1 aSolo :bMetagraf,c2016 a189 hlm. :bilus. ;c24 cm 4aMANAJEMEN. MOTIVASI DIRI0 aFACHMY, Casofa alampiran a7228 a a7228 b